Kirchen zu europäischen Städten - Bildquiz - Statistiken

Allgemein
  • Dieses Quiz wurde 299 mal gespielt
  • Das Durchschnittsergebnis liegt bei 9 aus 18
Antwortstatistiken
Bildquiz Antwort % Korrekt
Köln
97%
Moskau
96%
Istanbul
86%
Barcelona
85%
Berlin
75%
Saint Petersburg
69%
Paris
65%
Wien
60%
Venedig
56%
Helsinki
45%
London
42%
Reykjavik
35%
Kopenhagen
20%
Belgrad
15%
Krakau
13%
Prag
13%
Marseille
9%
Ronchamp
7%
Keine übereinstimmenden Quizze gefunden
Verteilung der Resultate
Anzahl Personen mit jedem Resultat
Perzentil nach korrekt beantworteten Fragen
Ihre Resultats-Entwicklung
Sie haben dieses Quiz noch nicht gespielt